Human resource information systems : (Record no. 18128)
[ view plain ]
| 000 -LEADER | |
|---|---|
| fixed length control field | 01226aam a2200337 a 4500 |
| 001 - CONTROL NUMBER | |
| control field | 015809287 |
| 003 - CONTROL NUMBER IDENTIFIER | |
| control field | OSt |
| 005 - DATE AND TIME OF LATEST TRANSACTION | |
| control field | 20140319102959.0 |
| 008 - FIXED-LENGTH DATA ELEMENTS--GENERAL INFORMATION | |
| fixed length control field | 110324t2012 xxua frbd 001 0 eng d |
| 020 ## - INTERNATIONAL STANDARD BOOK NUMBER | |
| International Standard Book Number | 9781412991667 (pbk.) |
| 020 ## - INTERNATIONAL STANDARD BOOK NUMBER | |
| International Standard Book Number | 1412991668 (pbk.) |
| 040 ## - CATALOGING SOURCE | |
| Original cataloging agency | StDuBDS |
| Language of cataloging | eng |
| Transcribing agency | StDuBDS |
| Modifying agency | Uk |
| 082 04 - DEWEY DECIMAL CLASSIFICATION NUMBER | |
| Classification number | 658.300285 |
| Edition number | 22 |
| Item number | HUM |
| 245 00 - TITLE STATEMENT | |
| Title | Human resource information systems : |
| Remainder of title | basics, applications and future directions / |
| Statement of responsibility, etc | editors Michael J. Kavanagh, Mohan Thite, Richard D. Johnson. |
| 250 ## - EDITION STATEMENT | |
| Edition statement | 2nd ed. |
| 260 ## - PUBLICATION, DISTRIBUTION, ETC. (IMPRINT) | |
| Place of publication, distribution, etc | Los Angeles, United States : |
| Name of publisher, distributor, etc | SAGE, |
| Date of publication, distribution, etc | c.2012 |
| Manufacturer | (Acid-Free Paper) |
| 300 ## - PHYSICAL DESCRIPTION | |
| Extent | xxiii, 623 p. : |
| Other physical details | ill. ; |
| Dimensions | 24 cm. |
| 500 ## - GENERAL NOTE | |
| General note | Includes appendix. |
| 500 ## - GENERAL NOTE | |
| General note | Includes indexes. |
| 500 ## - GENERAL NOTE | |
| General note | Glossary : p. 564-586. |
| 504 ## - BIBLIOGRAPHY, ETC. NOTE | |
| Bibliography, etc | Includes bibliographical reference. |
| 504 ## - BIBLIOGRAPHY, ETC. NOTE | |
| Bibliography, etc | Bibliography : p. 559-563. |
| 650 #0 - SUBJECT ADDED ENTRY--TOPICAL TERM | |
| Topical term or geographic name as entry element | Personnel management |
| General subdivision | Information technology |
| 9 (RLIN) | 35698 |
| 650 #0 - SUBJECT ADDED ENTRY--TOPICAL TERM | |
| Topical term or geographic name as entry element | Personnel management |
| General subdivision | Data processing |
| 9 (RLIN) | 35699 |
| 653 ## - INDEX TERM--UNCONTROLLED | |
| Resource For college | Engineering, General |
| Arrived date list | March2014 |
| 655 ## - INDEX TERM--GENRE/FORM | |
| Form subdivision | |
| -- | 33728 |
| 700 1# - ADDED ENTRY--PERSONAL NAME | |
| Personal name | Kavanagh, Michael J. |
| 9 (RLIN) | 35700 |
| Relator term | editor. |
| 700 1# - ADDED ENTRY--PERSONAL NAME | |
| Personal name | Thite, Mohan |
| 9 (RLIN) | 35701 |
| Relator term | editor. |
| 700 1# - ADDED ENTRY--PERSONAL NAME | |
| Personal name | Johnson, Richard David |
| 9 (RLIN) | 35702 |
| Relator term | editor. |
| 942 ## - ADDED ENTRY ELEMENTS (KOHA) | |
| Source of classification or shelving scheme | Dewey Decimal Classification |
| Call number prefix | 658.300285 HUM |
| Withdrawn status | Item status | Source of classification or shelving scheme | Damaged status | Not for loan | Vendor | Home library | Current library | Shelving location | Date acquired | Source of acquisition | Cost, normal purchase price | Total Checkouts | Full call number | Barcode | Date last seen | Cost, replacement price | Koha item type | Total Renewals | Date last borrowed |
|---|---|---|---|---|---|---|---|---|---|---|---|---|---|---|---|---|---|---|---|
| Dewey Decimal Classification | Baccah | Central Library | Central Library | First floor | 19/03/2014 | 520.00 | 658.300285 HUM | 000035757 | 15/07/2025 | 650.00 | NB - Book (Non borrowing) | ||||||||
| Dewey Decimal Classification | Baccah | Central Library | Central Library | First floor | 19/03/2014 | 520.00 | 4 | 658.300285 HUM | 000035758 | 15/07/2025 | 650.00 | Book - Borrowing | 3 | 11/11/2017 | |||||
| Dewey Decimal Classification | Baccah | Central Library | Central Library | First floor | 19/03/2014 | 520.00 | 3 | 658.300285 HUM | 000035759 | 15/07/2025 | 650.00 | Book - Borrowing | 3 | 30/10/2018 | |||||
| Dewey Decimal Classification | Baccah | Central Library | Central Library | First floor | 19/03/2014 | 520.00 | 2 | 658.300285 HUM | 000035760 | 15/07/2025 | 650.00 | Book - Borrowing | 2 | 02/04/2017 | |||||
| Dewey Decimal Classification | Baccah | Central Library | Central Library | First floor | 19/03/2014 | 520.00 | 1 | 658.300285 HUM | 000035761 | 15/07/2025 | 650.00 | Book - Borrowing | 1 | 07/11/2018 | |||||
| Dewey Decimal Classification | Baccah | Central Library | Central Library | First floor | 19/03/2014 | 520.00 | 4 | 658.300285 HUM | 000035762 | 15/07/2025 | 650.00 | Book - Borrowing | 2 | 09/11/2017 |